Cuentatrapos / (Registro nro. 8457)

Detalles MARC
000 -LIDER
fixed length control field 00946nam a22003017a 4500
003 - IDENTIFICACDOR DE NÚMERO DE CONTROL
control field DO-SdBNP
005 - DATE AND TIME OF LATEST TRANSACTION
control field 20180220100322.0
008 - ELEMENTOS DE LONGITUD FIJA
fixed length control field 151026b 1992 sp a |||| 00| 0 spa d
010 ## - NUMERO DE CONTROL DE BIBLIOTECA DEL CONGRESO
LC control number 00260
020 ## - ISBN
International Standard Book Number 8434816067
040 ## - FUENTE DE CATALOGACIÓN
Agencia que crea de manera original el registro BPMSU
Idioma de catalogación spa
Agencia que realiza la transcripción BPMSU
092 ## - LOCALLY ASSIGNED DEWEY DECIMAL CALL NUMBER
Número de clasificación xxxxx
Número de ítem (Cutter) xxxxx
100 1# - ASIENTO PRINCIPAL -- NOMBRE PERSONAL
Nombre personal Carvajal, Victor
Fechas asociadas con el nombre 1944-
245 10 - MENCIÓN DE TITULO
Título Cuentatrapos /
Mención de responsabilidad Víctor Carvajal ; ilustraciones y cubierta Fuencisla del Amo.
250 ## - MENCIÓN DE EDICION
Mención de edición 12ª ed.
260 ## - PUBLICACIÓN, DISTRIBUCIÓN, ETC. (PIE DE IMPRENTA)
Lugar de publicación, distribución, etc Madrid :
Nombre del editor, distribuidor, etc. Ediciones SM,
Fecha de publicación, distribución, etc 1992.
300 ## - DESCRIPCIÓN FÍSICA
Extensión 113 p. :
Otros detalles físicos il.
Dimensiones 19 cm.
490 ## - MENCIÓN DE SERIES
Mención de serie El barco de vapor
Volume/sequential designation 26
Enlace Serie Roja
500 ## - NOTA GENERAL
Nota general Incluye datos del autor en la solapa de la contracubierta.
521 ## - TARGET AUDIENCE NOTE
Target audience note A partir de 12 años.
586 ## - AWARDS NOTE
Awards note Primer premio Barco de Vapor 1984.
700 ## - ASIENTO SECUNDARIO -- NOMBRE PERSONAL
Nombre personal Amo, Fuencisla del,
Mención de responsabilidad il.
830 ## - ASIENTO SECUNDARIO DE SERIE--TÍTULO UNIFORME
Título uniforme El barco de vapor ;
Número de la parte o sección de una obra 26
Información miscelánea Serie Roja
910 ## - VALIDACIÓN
Validación 00260
942 ## - ADDED ENTRY ELEMENTS (KOHA)
Source of classification or shelving scheme Dewey Decimal Classification
Koha item type Libros
945 ## - INFORMACIÓN DE PROCESAMIENTO LOCAL
Información de procesamiento local Inventariado, 2018/ YL
956 ## - LOCAL ELECTRONIC LOCATION AND ACCESS (OCLC)
Método de acceso Lorenza Pérez
Existencias
Withdrawn status Lost status Source of classification or shelving scheme Damaged status Not for loan Collection code Home library Current library Date acquired Source of acquisition Total Checkouts Barcode Date last seen Price effective from Koha item type
    Dewey Decimal Classification     Colección Infantil General Biblioteca Pública Metropolitana Salomé Ureña Biblioteca Pública Metropolitana Salomé Ureña 10/26/2015 Donación   BPMSU15100182 10/26/2015 10/26/2015 Libros